Victor Hugo / (Record no. 53563)

MARC details
000 -LEADER
campo de control de longitud fija 00802nam a2200253 i 4500
001 - NÚMERO DE CONTROL
campo de control 53563
003 - IDENTIFICADOR DE NÚMERO DE CONTROL
campo de control ES-MaACL
005 - FECHA Y HORA DE LA ÚLTIMA TRANSACCIÓN
campo de control 20250815044417.0
007 - CAMPO FIJO DE DESCRIPCIÓN FÍSICA--INFORMACIÓN GENERAL
campo de control de longitud fija t|
008 - DATOS DE LONGITUD FIJA--INFORMACIÓN GENERAL
campo de control de longitud fija 031103s2002 sp ||||0| spa j
020 ## - NÚMERO INTERNACIONAL ESTÁNDAR DEL LIBRO
Número Internacional Estándar del Libro 84-7738-994-2
040 ## - FUENTE DE CATALOGACIÓN
Centro catalogador/agencia de origen M-BN
Lengua de catalogación spa
Centro/agencia transcriptor M-BN
080 ## - NÚMERO DE LA CLASIFICACIÓN DECIMAL UNIVERSAL
Número de la Clasificación Decimal Universal 821.133.1 Hugo, Victor 1.07
080 ## - NÚMERO DE LA CLASIFICACIÓN DECIMAL UNIVERSAL
Número de la Clasificación Decimal Universal 929 Hugo, Victor
100 1# - ENTRADA PRINCIPAL--NOMBRE DE PERSONA
Nombre de persona Verjat, Alain.
9 (RLIN) 114139
245 10 - MENCIÓN DEL TÍTULO
Título Victor Hugo /
Mención de responsabilidad, etc. Alain Verjat.
260 ## - PUBLICACIÓN, DISTRIBUCIÓN, ETC.
Lugar de publicación, distribución, etc. Madrid :
Nombre del editor, distribuidor, etc. Síntesis,
Fecha de publicación, distribución, etc. [2002]
300 ## - DESCRIPCIÓN FÍSICA
Extensión 204 p ;
Dimensiones 22 cm.
490 1# - MENCIÓN DE SERIE
Mención de serie Historia de la literatura universal. Literatura francesa y francófona . Autores ;
Designación de volumen o secuencia 61
600 14 - PUNTO DE ACCESO ADICIONAL DE MATERIA--NOMBRE DE PERSONA
Nombre de persona Hugo, Victor,
Fechas asociadas al nombre 1802-1885
9 (RLIN) 64627
830 00 - PUNTO DE ACCESO ADICIONAL DE SERIE-TÍTULO UNIFORME
Título uniforme Historia de la literatura universal
Designación de volumen o secuencia 61
9 (RLIN) 189211
852 ## - LOCALIZACIÓN
Ubicación ES-MaACL
Número de control de estantería L-26574
Sublocalización o colección R.131988
Holdings
Estatus retirado Estado de pérdida Estado de daño No para préstamo Biblioteca de origen Biblioteca actual Ubicación en estantería Fecha de adquisición Fuente de adquisición Total de préstamos Signatura topográfica completa Código de barras Visto por última vez Precio de reemplazo Tipo de ítem Koha
        Biblioteca del Ateneo de Madrid Biblioteca del Ateneo de Madrid Depósito 2 17/01/2008     L-26574 1056284 23/02/2023 23/02/2023 Libro impreso